| 000 | 00876nam a2200265 a 4500 | ||
|---|---|---|---|
| 001 | 000022892 | ||
| 005 | 20200930021848.0 | ||
| 008 | 101122s1998 mx r 000 | spa d | ||
| 020 | _a9681904869 | ||
| 040 |
_aDO-SdBNP _bspa _cBNPHU |
||
| 082 |
_a530 _bE82m |
||
| 245 | 0 | 4 |
_aLas estrañas de la materia : _bantología de relatos científicos / _ccompilación, notas y traducción de Carlos Chimal. |
| 260 |
_aMéxicos D. F. : _bAlfaguara Juvenil, _c1998. |
||
| 300 |
_a251 p. : _bil. ; _c22 cm. |
||
| 500 | _aIncluye bibliografía | ||
| 650 | 4 |
_aFísica _xEnsayos, conferencias, etc. _947053 |
|
| 650 | 4 |
_aMecánica _944788 |
|
| 650 | 4 |
_aElectromagnetismo _947054 |
|
| 650 | 4 |
_aCalor _947055 |
|
| 650 | 4 |
_aTermodinámica _921067 |
|
| 650 | 4 |
_aRelatividad (física) _931874 |
|
| 650 | 4 |
_aTeoría atómica _947056 |
|
| 700 | 1 |
_aChimal, Carlos _ecomp. _947057 |
|
| 049 | _aBNGR | ||
| 999 |
_c22389 _d22389 |
||